|
|
|
|
| LEADER |
01237nam a2200289 i 4500 |
| 001 |
c000077724 |
| 003 |
CARM |
| 005 |
00000000000000.0 |
| 008 |
710613r19711970enk 00010 eng d |
| 015 |
|
|
|a B7113737
|
| 019 |
1 |
|
|a 3532283
|5 LACONCORD2021
|
| 020 |
|
|
|a 0297003771 :
|c L.2.00
|
| 035 |
|
|
|a (OCoLC)5396717
|5 LACONCORD2021
|
| 041 |
1 |
|
|a engfre
|
| 100 |
1 |
|
|a Wiesel, Elie,
|d 1928-
|
| 245 |
1 |
0 |
|a One generation after /
|c Elie Wiesel ; translated from the French by Lily Edelman and the author.
|
| 260 |
|
|
|a London :
|b Weidenfeld and Nicolson,
|c 1971.
|
| 300 |
|
|
|a [5], 198 p. ;
|c 21cm.
|
| 500 |
|
|
|a Prose in French, 1945-. English texts (BNB/PRECIS)
|
| 500 |
|
|
|a This translation originally published, New York: Random House, 1970. Originally published as 'Entre deux soleils'. Paris: Editions du Seuil, 1965.
|
| 650 |
|
0 |
|a French literature
|x Translations into English.
|
| 650 |
|
0 |
|a French literature
|x Translations into English.
|
| 700 |
1 |
|
|a Edelman, Lily.
|
| 852 |
8 |
|
|b CARM
|h A2:AB17B0
|i B02616
|p 0104106
|f BK
|
| 082 |
0 |
4 |
|a 848/.9/1408
|2 18
|
| 999 |
f |
f |
|i a5b6eb6d-fa0e-5cb4-bcbd-0b125b9ada30
|s de3a8643-bacc-5d9c-bdfe-3e294dee06db
|
| 952 |
f |
f |
|p Can circulate
|a CAVAL
|b CAVAL
|c CAVAL
|d CARM 1 Store
|e B02616
|f A2:AB17B0
|h Other scheme
|i book
|m 0104106
|